| 000 | 00725nam a2200217 u 4500 | ||
|---|---|---|---|
| 005 | 20210223131330.0 | ||
| 008 | 100630s2007 r 000 0 eng d | ||
| 020 | _a9789879396315 | ||
| 035 | _aUPN01000177062 | ||
| 049 | _aCG | ||
| 050 | 4 |
_aND653 G7 _bG6.3a 2007 |
|
| 100 | 1 |
_aGogh, Vincent Van, _d1853-1890 _9206 |
|
| 245 | 1 | 0 |
_aCartas a Theo / _cVincent Van Gogh ; selec. trad. y notas de Victor Goldstein. |
| 250 | _a3a ed. | ||
| 260 |
_aBuenos Aires : _bAH, _c2007. |
||
| 300 |
_a397 p. : _bil. |
||
| 440 | 0 | _aBiografĂas y testimonios | |
| 600 | 1 | 4 |
_aGOGH, VINCENT VAN, _d1853-1890 - _vCORRESPONDENCIA, MEMORIAS, ETC. _99781 |
| 650 | 4 |
_aPINTORES HOLANDESES - _vCORRESPONDENCIA, MEMORIAS, ETC. _99780 |
|
| 905 | _aLibro | ||
| 999 |
_c149165 _d149165 |
||